<?xml version="1.0" encoding="UTF-8"?>
<collection xmlns="http://www.loc.gov/MARC21/slim">
 <record>
  <leader>00810pam a22002298a 4500</leader>
  <controlfield tag="001">00017390</controlfield>
  <controlfield tag="005">20171026081022.0</controlfield>
  <controlfield tag="008">110419s1995                  ||||||Viesd</controlfield>
  <datafield tag="020" ind1=" " ind2=" ">
   <subfield code="c">58000</subfield>
  </datafield>
  <datafield tag="041" ind1="0" ind2="#">
   <subfield code="a">Vie</subfield>
  </datafield>
  <datafield tag="082" ind1="1" ind2="#">
   <subfield code="a">782.42</subfield>
   <subfield code="b">T527T</subfield>
  </datafield>
  <datafield tag="245" ind1="0" ind2="0">
   <subfield code="a">Tuyển tập những bài ca không năm tháng</subfield>
   <subfield code="b">Bên đời hiu hạnh. Trong nổi đau tình cờ. Thờ ấu mùa đông</subfield>
  </datafield>
  <datafield tag="260" ind1="#" ind2="#">
   <subfield code="a">H.</subfield>
   <subfield code="b">Âm nhạc</subfield>
   <subfield code="c">1995</subfield>
  </datafield>
  <datafield tag="300" ind1="#" ind2="#">
   <subfield code="a">274tr.</subfield>
   <subfield code="c">25cm.</subfield>
  </datafield>
  <datafield tag="650" ind1="#" ind2="7">
   <subfield code="2">Bài hát</subfield>
  </datafield>
  <datafield tag="650" ind1="#" ind2="7">
   <subfield code="2">Trịnh Công Sơn</subfield>
  </datafield>
  <datafield tag="653" ind1="#" ind2="#">
   <subfield code="a">Tuyển tập</subfield>
  </datafield>
  <datafield tag="852" ind1="#" ind2="#">
   <subfield code="b">Kho mượn</subfield>
   <subfield code="j">KM.0002127, KM.0009206</subfield>
  </datafield>
  <datafield tag="852" ind1="#" ind2="#">
   <subfield code="b">Kho đọc</subfield>
   <subfield code="j">KD.0002790</subfield>
  </datafield>
  <datafield tag="852" ind1="#" ind2="#">
   <subfield code="j">KD.0002790</subfield>
   <subfield code="j">KM.0002127</subfield>
   <subfield code="j">KM.0009206</subfield>
  </datafield>
  <datafield tag="910" ind1=" " ind2=" ">
   <subfield code="d">19/04/2011</subfield>
  </datafield>
  <datafield tag="980" ind1="#" ind2="#">
   <subfield code="a">Trung tâm Học liệu Lê Vũ Hùng, Trường Đại học Đồng Tháp</subfield>
  </datafield>
 </record>
</collection>
